| 000 | 00494cam a2200145 4500 | ||
|---|---|---|---|
| 082 |
_a355.009241 _bWAV |
||
| 100 | 1 | _aWavell, Archibald Percival Wavell, | |
| 245 | 1 | 0 | _aAllenby, soldier and statesman. |
| 260 |
_aLondon, _bG.G. Harrap _c[1946] |
||
| 300 |
_a382 p. _billus., ports., maps (part fold.) _c21 cm. |
||
| 500 | _aPreviously pub. in 2 v. as: Allenby, a study in greatness; and Allenby in Egypt. | ||
| 526 |
_a0 _b0 _c0 _d355_009241000000000_WAV |
||
| 650 |
_aMCE _9379 |
||
| 942 |
_2ddc _cBK |
||
| 999 |
_c552090 _d552090 |
||